[Event "Pige NM C"]
[Site "Jetsmark"]
[Date "2011.04.10"]
[Round "4.5"]
[White "Juliusdottir, Asta Soley"]
[Black "Keitum, Andrea"]
[Result "1-0"]
[WhiteElo "1200"]
[BlackElo "1016"]
[PlyCount "56"]
[EventDate "2011.04.08"]
[EventType "swiss"]
[EventRounds "5"]
[EventCountry "DEN"]
[SourceTitle "EXT 2023"]
[Source "ChessBase"]
[SourceDate "2022.10.05"]
[SourceVersion "1"]
[SourceVersionDate "2022.10.05"]
[SourceQuality "1"]

1. e4 e5 2. Nf3 Nc6 3. Bc4 Nf6 4. d3 d6 5. Nc3 g6 6. Bg5 Bg7 7. 0-0 Bg4 8. h3 Bxf3 9. Qxf3 Nd4 10. Qd1 0-0 11. Nd5 c6 12. Nxf6+ Bxf6 13. Bh6 Bg7 14. Bxg7 Kxg7 15. c3 b5 16. cxd4 bxc4 17. dxc4 exd4 18. Qxd4+ Qf6 19. Qxf6+ Kxf6 20. Rad1 Rfd8 21. Rd3 Rab8 22. b3 Kg7 23. Rfd1 f6 24. Rxd6 Rxd6 25. Rxd6 Re8 26. Rxc6 Rxe4 27. Rc7+ Kh6 28. Rxa7 Re1+ 1-0